000 00251nam a2200121Ia 4500
008 190216s9999||||xx |||||||||||||| ||und||
100 _aNull
245 0 _aHindi-Dubander
260 _bCurrent Books
300 _a113
650 _aHindi
942 _cBK
999 _c15700
_d15700